000 00804nas a2200265 4500
001 BR9207751
003 BR-BrBNA
005 20231205093036.0
007 ta
008 230509b bl.|||p| |||| 00| 00por d
040 _aBR-BrBNA
_bpor
_cBiblioteca Nacional de Agricultura
041 _a(Pt)
072 _aF62
100 1 _aBorges, E.E. de L.
100 1 _aBorges, C.G.
245 1 _aGerminacao de sementes de Copaifera langsdorffii Desf. provenientes de frutos com diferentes graus de maturacao
650 _aCOPAIBA
650 _aSEMENTE
650 _aGERMINACAO
650 _aMATURACAO
650 _aCOLHEITA
773 0 _tRevista Brasileira de Sementes (Brazil)
_xISSN 0101-3122
_g(1979), v. 1(3) p. 45-47
_wBR9207751
909 _a202311
_bLúcia
_c55
_dLúcia Elande
942 _2AGRIS
_n0
_cANA
999 _c135835
_d135835